000
00213nam a2200097Ia 4500
008
240331s9999 xx 000 0 und d
082
_b
GAN
100
_a
Ganesalingan, S
245
0
_a
Vilankilla adimaikal
942
_c
L
999
_c
3900
_d
3900